| 000 | 00517nam a2200193Ia 4500 | ||
|---|---|---|---|
| 005 | 20250326141646.0 | ||
| 008 | 250326s9999 xx 000 0 und d | ||
| 020 | _a92-2-106499-9 | ||
| 037 | _aTextbook | ||
| 040 |
_aFMSL _beng _cFMSL |
||
| 041 |
_aeng _2eng |
||
| 084 |
_aX:9.4 M9 _qFMSL |
||
| 100 |
_aRodgers G _9744844 |
||
| 245 | 0 |
_aUrban poverty and the labour market _cRodgers G |
|
| 260 |
_aGeneva _bGeneva, ILO _c1989 |
||
| 300 | _a272p | ||
| 942 |
_cTB _hX:9.4 M9 |
||
| 999 |
_c1291354 _d1291354 |
||